| 000 | 00457nam a2200169 a 4500 | ||
|---|---|---|---|
| 005 | 20140310183226.0 | ||
| 008 | 040310s19uu xx 00 eng d | ||
| 020 | _a0-590-13470-1 | ||
| 050 |
_aPE 1121 _b.G46 1972 |
||
| 100 | _aGeorge, Jean Craighead | ||
| 245 |
_aJulie of the wolves / _cJean Craighead George. |
||
| 260 |
_aNew York : _bScholastic, Inc, _c1972. |
||
| 300 |
_a170 p. : _c17cm. |
||
| 650 | _aFiction | ||
| 942 |
_cBK _2lcc |
||
| 999 |
_c20402 _d20402 |
||